| 000 | 00560nam a2200217 a 4500 | ||
|---|---|---|---|
| 999 |
_c547 _d547 |
||
| 008 | 190916r19882017ii ||||gr|||| 001 0aeng d | ||
| 020 |
_a 817224164X _cRs. 199.00 |
||
| 040 |
_aKO _beng |
||
| 041 | 0 |
_aeng _hger |
|
| 044 | _aii | ||
| 082 | 0 | 4 |
_223 _a943.086092 _bH638 |
| 100 | 1 | _aHitler, Adolf | |
| 245 | 1 | 0 |
_aMein Kampf = My Struggle / _cAdolf Hitler |
| 260 |
_aMumbai : _bJaico Publishing House, _c1988, reprint 2017 |
||
| 300 |
_a620 p. ; _c21.5 cm |
||
| 600 | 1 | 0 | _aHitler, Adolf |
| 650 | 0 | _aAutobiography | |
| 904 | _aS_JOY | ||
| 942 | _cBK | ||